000 01418nam0a2200313 4500
001 RU\NLR\bibl\1786253
005 20250616140842.0
010 _a978-5-7677-1507-7
_9500
021 _aRU
_b2011-42924
_93040
035 _a(NLR Aleph) 001776976
090 _a1673414
_c1673414
100 _a20110707d2011 |||y0rusy50 ca
101 0 _arus
102 _aRU
105 _aa |||||||||
200 1 _aФормирование условий межотраслевого обмена в национальной экономике
_fН.В. Тумаланов
_gМ-во образования и науки Рос. Федерации, Федер. гос. образоват. учреждение высш. проф. образования "Чуваш. гос. ун-т им. И.Н. Ульянова"
210 _aЧебоксары
_cИзд-во Чувашского университета
_d2011
215 _a169 с.
_cил.
_d21
320 _aБиблиогр.: с. 161-168 (122 назв.)
606 1 _aНациональная экономика
_xОтраслевая структура
_xТеория
_92395567
_3RU\NLR\auth\661428322
686 _aУ010.3
700 1 _aТумаланов
_bН. В.
_gНиколай Васильевич
_4070
801 0 _aRU
_bNLR
_c20110707
_gRCR
801 1 _aRU
_bNLR
_c20110707
830 _aавт. по кн.
942 _cBOOK
980 _aNB
980 _aNBR